'G' Religion Quiz Stats

Quiz Updated May 9, 2014

Also try: Speed Religion
Challenge
Share
Tweet
Embed
Score 0/23 Timer 07:00
3 Plays Today
Clue 'G' Word or Name % Correct
Supreme being; CreatorGod
99.5%
God's favor or blessing bestowed on His faithful ones; or 'Amazing ______'Grace
88.3%
He was a Philistine warrior of great size defeated by young David.Goliath
84.9%
Name one of the two seven deadly sins that fit this quiz.Gluttony or greed
83.4%
First book of the TorahGenesis
80.9%
Angel who appeared to Daniel to explain his visions; to Zechariah foretelling John the Baptist's birth;
to Muhammad revealing the Qur'an; and to Mary foretelling Jesus' birth
Gabriel
78.1%
Biblical city destroyed by God (along with Sodom)Gomorrah
74.7%
Jesus was praying in the ______ of Gethsemane on the night of His arrest.Garden
71.8%
Many Hindus consider this river sacred and believe that bathing in it causes the remission of sins.Ganges
71.5%
Any of the first four books of the New Testament; the word means 'good news'Gospel
69.2%
Christians use this term for the day of Jesus' crucifixion and death.Good Friday
66.3%
In the New Testament parable, this passerby was the only person to aid a man who had been beaten and robbed.Good Samaritan
63.7%
Clue 'G' Word or Name % Correct
This sea and region often mentioned in the Bible is the site of Jesus walking on water and feeding the multitude with loaves and fishes.Galilee
62.8%
____ ____ are acts done with a pure motive and are helpful to other persons;
while encouraged, there is debate whether doing these are 'required' for salvation.
Good works
62%
The ninth book of the New Testament is Paul's epistle to these people.Galatians
58.1%
Common in Eastern religions, this is a revered spiritual leader who guides students to enlightenment.Guru
57.1%
Adoring honor and praise for God, as in 'give ____ to God'Glory
54.7%
Wisdom, understanding, counsel, fortitude, knowledge, piety, and fear (awe) of the Lord are the ______ of the Holy Spirit.Gifts
54.2%
Greek goddess of the earth and wife of UranusGaia
49.1%
A religious movement characterized by a belief in Gnosis (knowledge/enlightenment), through which the spiritual element in man could be released from its bondage in matterGnosticism
42.6%
The Bhagavad _____ is a 700 verse scripture, and is one of the most fundamental texts that form the basis of Hinduism.Gita
42%
Biblical patriarch Jacob's 7th son; one of the 12 tribes of IsraelGad
36.8%
Another name for Hell; or a place for spiritual punishmentGehenna
21.9%

You're not logged in!

Compare scores with friends on all Sporcle quizzes.
Sign Up with Email
OR
Log In

You Might Also Like...

Show Comments

Extras

Top Quizzes Today


Score Distribution

Your Account Isn't Verified!

In order to create a playlist on Sporcle, you need to verify the email address you used during registration. Go to your Sporcle Settings to finish the process.